| 000 | 00939nam a2200289Ia 4500 | ||
|---|---|---|---|
| 001 | Para_695 | ||
| 003 | CHAP | ||
| 008 | 220125s1989 xx 000 0 und d | ||
| 010 | _a198845 | ||
| 040 | _cCHAP | ||
| 090 | _aPA TESIS 703 | ||
| 100 |
_aHernández Vara, Salustio _954705 |
||
| 245 |
_aBiología, ecología e impacto agrícola de las chinches "pirata" (Hemiptera : _bAnthorcoridae) / _c por Salustio Hernández Vara |
||
| 260 |
_aChapingo, Méx. : _b el autor |
||
| 300 | _a153 h. | ||
| 502 | _aTesis (Ing. Agr. Esp. en Parasitología Agrícola) -- UACh. Departamento Parasitología Agrícola | ||
| 650 |
_aAnthocoridae _96033 |
||
| 650 |
_aHemipteros _953511 |
||
| 710 |
_aUACh. Departamento Parasitología Agrícola _9164025 |
||
| 901 | _aPA TESIS 703 | ||
| 902 | _aA | ||
| 905 | _a0000001989 a 0000000000 00 | ||
| 910 | _a1989 | ||
| 942 | _cPARA | ||
| 942 |
_cPARA _d1 |
||
| 999 |
_c198845 _d198845 |
||